| 000 | 00364nam a2200145Ia 4500 | ||
|---|---|---|---|
| 008 | 230917s9999||||xx |||||||||||||| ||und|| | ||
| 040 |
_e50934 _aMAIN |
||
| 041 | _aEnglish | ||
| 082 | _a657.48 M277F | ||
| 100 | _aMaheshwari, S N | ||
| 245 | 0 | _aFinancial accounting | |
| 260 |
_aNew Delhi _bVikas Publishing House _c1993 |
||
| 300 | _axvii, 3.176 p. | ||
| 942 | _cBK | ||
| 999 |
_c67244 _d67244 |
||